| 000 | 01389cam a22003137a 4500 | ||
|---|---|---|---|
| 001 | 16689539 | ||
| 003 | ARRUPE | ||
| 005 | 20140926134126.0 | ||
| 008 | 110207s2010 enk b 001 0 eng d | ||
| 010 | _a 2010551488 | ||
| 020 | _a9780281062171 | ||
| 020 | _a028106217X | ||
| 035 | _a(OCoLC)ocn664677615 | ||
| 040 |
_aBTCTA _beng _cBTCTA _dYDXCP _dCUD _dEMT _dCDX _dDLC |
||
| 042 | _alccopycat | ||
| 050 | 0 | 0 |
_aBT590.O4 _bM69 2010 |
| 100 | 1 |
_aMoyise, Steve. _911783 |
|
| 245 | 1 | 0 |
_aJesus and scripture / _cSteve Moyise. |
| 260 |
_aLondon : _bSPCK, _c2010. |
||
| 300 |
_aviii, 147 p. ; _c22 cm. |
||
| 504 | _aIncludes bibliographical references (p. 138-140) and indexes. | ||
| 505 | 0 | _aIntroduction -- Jesus and scripture according to Mark's Gospel -- Jesus and scripture according to Matthew's Gospel -- Jesus and scripture according to Luke's Gospel -- Jesus and scripture according to John's Gospel -- Jesus and scripture : minimalist views -- Jesus and scripture : moderate views -- Jesus and scripture : maximalist views. | |
| 600 | 0 | 0 |
_aJesus Christ _xViews on the Old Testament. _911784 |
| 600 | 0 | 0 |
_aJesus Christ _xBiblical teaching. _911785 |
| 630 | 0 | 0 |
_aBible. _pGospels _xCriticism, interpretation, etc. _911786 |
| 906 |
_a7 _bcbc _ccopycat _d2 _encip _f20 _gy-gencatlg |
||
| 942 |
_2lcc _cMONOGRAPH |
||
| 999 |
_c120994 _d120994 |
||